Os Ataques de 11 de Setembro - Statistics

Estatísticas Gerais
  • Esse quiz foi jogado 30 vezes
  • A pontuação média é 7 de 10
Estatísticas das Respostas
Questão Resposta % Correto
Em que ano ocorreu os ataques? 2001
100%
Em qual país foi realizadp o ataque terrorista? Estados Unidos
100%
Quem foi o líder do plano? Osama Bin Laden
100%
Qual era o real nome das Torres Gêmes World Trade Center
100%
Qual foi o primeiro edifício a ser antigido? Torre Norte
75%
Qual foi o único vôo que não chegou ao seu alvo? United 93
75%
Quantas vítimas teve? 2.996
67%
Qual era o alvo do United 93? Capitólio
33%
Após uma investigação no bunker de Bin Laden, acharam vestígios de estudos de um sequestro de vôo brasileiro, qual era? VASP 375
33%
Quem foi o líder dos terroristas/sequestradores? Mohammed Atta
21%
Nenhum quiz correspondente encontrado
Distribuição das Pontuações
Porcentagem de Pessoas com Cada Pontuação
Percentil de Números Respondidos
Sua Pontuação Histórica
Você não jogou esse quiz